Jacques Chirac et sa présidence - Statistiques

Statistiques générales
  • Ce quiz a été pris 707 fois
  • Le résultat moyen est 13 sur 20
Statistiques - réponses
Groupe Indices Réponses % Correct
Présidence Adversaire au second tour en 2002 Jean-Marie Le Pen
97%
Présidence Parti politique lors de son élection RPR/UMP
96%
Présidence Premier Ministre avec lequel il cohabita, adversaire au second tour en 1995 Lionel Jospin
95%
Présidence Il remplaça le septennat, actif en France depuis 1873, en 2000 Quinquennat
93%
Présidence Il prit fin en 1996, afin de professionnaliser les effectifs militaires Service national
91%
Famille Epouse Bernadette Chodron de Courcel
90%
Présidence Régime politique français dont la responsabilité dans la déportation des Juifs fut reconnue en 1995 Etat français
90%
Biographie Grandes écoles et universités fréquentées ENA
85%
Citations Mangez des {pommes}.
80%
Présidence Premier Ministre dont le discours à l'ONU contre la guerre en Irak fit grand bruit Dominique de Villepin
78%
Biographie Commune dont il fut maire pendant 18 ans Paris
77%
Biographie Sport de lutte dont il était fan, le poussant à visiter l'archipel nippon à de nombreuses reprises Sumo
73%
Biographie Grandes écoles et universités fréquentées Sciences Po
68%
Présidence Musée consacré aux arts primitifs ouvert en 2006 Musée du Quai Branly
64%
Bibliographie Retranscription de deux discours de 1983 Oui à l'{Europe}
39%
Citations Aujourd'hui, on rapporte une histoire{abracadabrantesque}.
33%
Biographie Profession de formation Haut fonctionnaire
29%
Bibliographie Période de prise de distance lui permettant de réfléchir et de regrouper ses idées pour le pays Une nouvelle {France}
23%
Famille "Fille de cœur" Anh Đào Traxel
10%
Biographie Pathologie à l'origine de son décès Insuffisance rénale
5%
Aucun quiz correspondant
Distribution des résultats
% des personnes avec chaque résultat
Percentile par nombre de réponses
Votre historique - résultats
Vous n’avez pas pris ce quiz